Helldivers 2 Planets Quiz - Statistics

General Stats
  • This quiz has been taken 95 times
  • The average score is 7 of 13
Answer Stats
Hint Answer % Correct
The best planet Super Earth
98%
Automaton homeworld Cyberstan
89%
Terminid Supercolony; Black hole Meridia
83%
Former Helldivers Training Facility Mars
78%
Bot Vietnam; Rhodium quarries Malevelon Creek
72%
Infamous for fire tornadoes Hellmire
53%
Illuminate invasion Ground Zero Calypso
47%
First planet crushed by the Meridian Singularity Angel's Venture
46%
Xenoentomology Center Turing
28%
Center of Science Fenrir III
27%
Deep Mantle Forge Complex Claorell
20%
Site of first Gloom expedition Fori Prime
19%
DSS constructed over Gaellivare
17%
No matching quizzes found
Score Distribution
Percent of People with Each Score
Percentile by Number Answered
Your Score History
You have not taken this quiz